[Event "4NCL Division 2a"]
[Site "Daventry, ENG"]
[Date "2020.02.29"]
[Round "1.36"]
[White "Burroughs, Adam"]
[Black "Lunn, Matthew"]
[Result "1/2-1/2"]
[WhiteElo "1848"]
[BlackElo "2087"]
[PlyCount "48"]
[EventDate "2020.02.29"]
[WhiteTeam "Check Innmates"]
[BlackTeam "Sussex Martlets 1"]

1. e4 c5 2. Nf3 Nc6 3. Bb5 g6 4. O-O Bg7 5. c3 Nf6 6. Re1 O-O 7. d4 cxd4 8.
cxd4 d5 9. e5 Ne4 10. h3 Qb6 11. Bxc6 bxc6 12. Nc3 Nxc3 13. bxc3 Qa5 14. Bd2
Rb8 15. c4 Qa6 16. cxd5 cxd5 17. Qc2 Bf5 18. Qc5 Qb7 19. Rec1 Rfc8 20. Qa3 Rc4
21. Rxc4 dxc4 22. Rc1 Be6 23. Bg5 Kf8 24. Rc3 h6 1/2-1/2

[Event "4NCL Division 2a"]
[Site "Daventry, ENG"]
[Date "2020.02.29"]
[Round "1.37"]
[White "Blake, J Morgan"]
[Black "Headlong, Fenella"]
[Result "1/2-1/2"]
[WhiteElo "2147"]
[BlackElo "1762"]
[PlyCount "87"]
[EventDate "2020.02.29"]
[WhiteTeam "Sussex Martlets 1"]
[BlackTeam "Check Innmates"]

1. e4 e5 2. Nf3 Nc6 3. Bb5 a6 4. Ba4 Nf6 5. Qe2 Bc5 6. c3 O-O 7. d3 b5 8. Bb3
d5 9. Bg5 dxe4 10. dxe4 Be6 11. O-O Bxb3 12. axb3 Qe7 13. b4 Bb6 14. Rd1 Qe6
15. Bxf6 Qxf6 16. Rd5 Qf4 17. Nbd2 f6 18. Nb3 Ne7 19. Rd7 Ng6 20. h3 f5 21. Nc5
fxe4 22. Qxe4 Qxe4 23. Nxe4 Rf4 24. Nc5 e4 25. Nd4 Ne5 26. Re7 Bxc5 27. bxc5
Nd3 28. b4 Rxf2 29. Rxe4 Raf8 30. Nf3 Rc2 31. Re3 Nf4 32. Ne1 Ne2+ 33. Kh2 Rb2
34. Nd3 Rd2 35. Rxa6 Nxc3 36. Rae6 Nd5 37. Rg3 Rf6 38. Rxf6 Nxf6 39. Nf4 Kf7
40. Rd3 Rxd3 41. Nxd3 Nd5 42. Kg3 Ke6 43. Kf3 Nc3 44. Ke3 1/2-1/2

[Event "4NCL Division 2a"]
[Site "Daventry, ENG"]
[Date "2020.02.29"]
[Round "1.38"]
[White "Headlong, Georgia"]
[Black "Willson, Ollie"]
[Result "0-1"]
[WhiteElo "1757"]
[BlackElo "2147"]
[PlyCount "88"]
[EventDate "2020.02.29"]
[WhiteTeam "Check Innmates"]
[BlackTeam "Sussex Martlets 1"]

1. e4 c5 2. Nc3 Nc6 3. d3 Nf6 4. g3 d5 5. Bg2 dxe4 6. dxe4 Qxd1+ 7. Nxd1 Nd4 8.
Ne3 Ng4 9. Nxg4 Bxg4 10. h3 Bh5 11. g4 Bg6 12. Kd2 O-O-O 13. Rb1 Nf5+ 14. Ke2
Nh4 15. Bf3 Nxf3 16. Kxf3 Rd4 17. Be3 Bxe4+ 18. Kg3 Bxh1 19. Bxd4 cxd4 20. f3
h5 21. Ne2 Bxf3 22. Kxf3 hxg4+ 23. Kxg4 e5 24. Rf1 f6 25. Ng3 Kd7 26. Nf5 Ke6
27. Rd1 g6 28. Nh4 f5+ 29. Kg3 e4 30. Ng2 Bd6+ 31. Nf4+ Bxf4+ 32. Kxf4 Rxh3 33.
Rxd4 Rf3+ 34. Kg5 Ke5 35. Rd8 Rg3+ 36. Kh4 f4 37. Re8+ Kd4 38. Re7 g5+ 39. Kh5
f3 40. Rd7+ Ke3 41. Rxb7 f2 42. Rb3+ Kf4 43. Rb8 Rf3 44. Rf8+ Ke3 0-1

[Event "4NCL Division 2a"]
[Site "Daventry, ENG"]
[Date "2020.02.29"]
[Round "1.41"]
[White "Weller, Jean-Luc"]
[Black "Walker, Martin G"]
[Result "1-0"]
[WhiteElo "2230"]
[BlackElo "2275"]
[PlyCount "85"]
[EventDate "2020.02.29"]
[WhiteTeam "Chessable White Rose 2"]
[BlackTeam "Anglian Avengers"]

1. d4 Nf6 2. c4 g6 3. Nf3 Bg7 4. g3 d5 5. cxd5 Nxd5 6. Bg2 O-O 7. O-O c5 8. e4
Nb6 9. dxc5 Qxd1 10. Rxd1 Na4 11. Nc3 Bxc3 12. bxc3 Nxc3 13. Re1 Na6 14. Be3
Na4 15. Rec1 Bd7 16. Ne5 Be6 17. Bf1 Nb4 18. Bc4 Bxc4 19. Rxc4 a5 20. a3 Nb2
21. axb4 Nxc4 22. Nxc4 axb4 23. Rb1 Rfd8 24. Rxb4 Rd7 25. Kg2 Ra2 26. Kf3 f6
27. e5 Ra6 28. Nb6 Rc7 29. Ke4 Kf7 30. Kd5 Ra1 31. exf6 exf6 32. Nc4 Rd1+ 33.
Bd4 f5 34. Nd6+ Ke7 35. Nxb7 Kd7 36. Nd6 f4 37. Rb8 fxg3 38. hxg3 Rh1 39. g4
Rh3 40. Rh8 Rh1 41. Rg8 Rd1 42. c6+ Ke7 43. Re8# 1-0

[Event "4NCL Division 2a"]
[Site "Daventry, ENG"]
[Date "2020.02.29"]
[Round "1.42"]
[White "Lewis, Andrew P"]
[Black "Wall, Tim P"]
[Result "1/2-1/2"]
[WhiteElo "2245"]
[BlackElo "2201"]
[PlyCount "89"]
[EventDate "2020.02.29"]
[WhiteTeam "Anglian Avengers"]
[BlackTeam "Chessable White Rose 2"]

1. Nf3 f5 2. g3 Nf6 3. Bg2 g6 4. O-O Bg7 5. c4 O-O 6. Nc3 d6 7. Rb1 a5 8. a3 e5
9. d3 Na6 10. b4 axb4 11. axb4 c6 12. Qb3 Qe7 13. e3 Kh8 14. Ba3 Nc7 15. Bb2
Ne6 16. Na4 Nd7 17. Nd2 g5 18. Qc2 f4 19. b5 c5 20. Nc3 Nb6 21. Ra1 Rxa1 22.
Rxa1 g4 23. Nde4 f3 24. Bf1 Bd7 25. Ra7 Be8 26. Qb1 Bg6 27. Qa1 Nc8 28. Ra8
Bxe4 29. dxe4 Ng5 30. Rb8 Nb6 31. Qa7 Rxb8 32. Qxb8+ Bf8 33. Bd3 Kg7 34. Nd5
Nxd5 35. exd5 Kh6 36. b6 Nh3+ 37. Kf1 e4 38. Bc2 Ng5 39. Qc7 Qe8 40. Qxb7 Qh5
41. Qc8 Qxh2 42. Qxf8+ Kh5 43. Qe8+ Kh6 44. Qf8+ Kh5 45. Qe8+ 1/2-1/2

[Event "4NCL Division 2a"]
[Site "Daventry, ENG"]
[Date "2020.02.29"]
[Round "1.43"]
[White "Gayson, Peter M"]
[Black "Moore, Graham J"]
[Result "1-0"]
[WhiteElo "2136"]
[BlackElo "2254"]
[PlyCount "79"]
[EventDate "2020.02.29"]
[WhiteTeam "Chessable White Rose 2"]
[BlackTeam "Anglian Avengers"]

1. e4 e6 2. d4 d5 3. Nd2 c5 4. Ngf3 cxd4 5. exd5 Qxd5 6. Bc4 Qd6 7. O-O Nf6 8.
Nb3 Nc6 9. Nbxd4 Nxd4 10. Nxd4 a6 11. Re1 Qc7 12. Bd3 Bd6 13. h3 O-O 14. Bg5
Be5 15. c3 h6 16. Nf3 Bf4 17. Bxf4 Qxf4 18. Ne5 Nd7 19. g3 Qg5 20. h4 Qd8 21.
Qf3 Nxe5 22. Rxe5 Qd6 23. Qe4 f5 24. Qe2 b5 25. Bc2 Rb8 26. Bb3 Rb6 27. Re1 Rf6
28. Rd1 Qc6 29. f3 Qc7 30. Kf2 Kf7 31. Qe3 Rc6 32. Qd4 Ke7 33. Qe3 Qb6 34. Qxb6
Rxb6 35. Rc5 Rf8 36. Rc7+ Kf6 37. f4 g5 38. hxg5+ hxg5 39. Rh1 gxf4 40. gxf4
1-0

[Event "4NCL Division 2a"]
[Site "Daventry, ENG"]
[Date "2020.02.29"]
[Round "1.44"]
[White "Talsma, Paul"]
[Black "Arnott, Jonathan W"]
[Result "1/2-1/2"]
[WhiteElo "2144"]
[BlackElo "2124"]
[PlyCount "20"]
[EventDate "2020.02.29"]
[WhiteTeam "Anglian Avengers"]
[BlackTeam "Chessable White Rose 2"]

1. d4 d5 2. c4 c6 3. Nf3 Nf6 4. Nc3 a6 5. Bg5 dxc4 6. a4 b5 7. axb5 cxb5 8.
Nxb5 axb5 9. Rxa8 Bb7 10. Ra7 Qb6 1/2-1/2

[Event "4NCL Division 2a"]
[Site "Daventry, ENG"]
[Date "2020.02.29"]
[Round "1.45"]
[White "Shaw, Peter"]
[Black "Peck, Silas"]
[Result "1-0"]
[WhiteElo "2085"]
[BlackElo "1999"]
[PlyCount "115"]
[EventDate "2020.02.29"]
[WhiteTeam "Chessable White Rose 2"]
[BlackTeam "Anglian Avengers"]

1. d4 d5 2. c4 e6 3. Nc3 Nf6 4. Bg5 Be7 5. e3 O-O 6. Nf3 Nbd7 7. Qc2 c6 8. a3
Re8 9. Rd1 Nh5 10. Bxe7 Qxe7 11. Bd3 Nhf6 12. O-O dxc4 13. Bxc4 Nd5 14. Ne2 Nf8
15. e4 Nb6 16. Ba2 Bd7 17. Nf4 Rad8 18. Rfe1 Bc8 19. g3 Ng6 20. Nd3 Kh8 21. Kg2
f6 22. h4 Nd7 23. Qc1 e5 24. h5 Ngf8 25. Qc4 Ne6 26. dxe5 Nb6 27. Qc3 Ng5 28.
exf6 Bh3+ 29. Kh1 Qxf6 30. Qxf6 gxf6 31. Nxg5 fxg5 32. f3 Rf8 33. Ne5 Rde8 34.
Nf7+ Kg7 35. g4 Rxf7 36. Bxf7 Rf8 37. Kh2 Rxf7 38. Kxh3 Rxf3+ 39. Kg2 Rf7 40.
b3 Re7 41. Rd6 Nd5 42. h6+ Kf7 43. Rf1+ Nf4+ 44. Kf3 Ke8 45. Rfd1 Ng6 46. Rd8+
Kf7 47. R1d6 Nf8 48. Ke3 a6 49. b4 Re5 50. Rd1 Ke7 51. Rb8 b5 52. Rb7+ Ke8 53.
Rd6 c5 54. Rxa6 Re7 55. Ra8+ Kf7 56. Rxe7+ Kxe7 57. Rxf8 Kxf8 58. bxc5 1-0

[Event "4NCL Division 2a"]
[Site "Daventry, ENG"]
[Date "2020.02.29"]
[Round "1.46"]
[White "Myall, Ivan J"]
[Black "Burnett, Jim"]
[Result "1-0"]
[WhiteElo "2050"]
[BlackElo "2028"]
[PlyCount "89"]
[EventDate "2020.02.29"]
[WhiteTeam "Anglian Avengers"]
[BlackTeam "Chessable White Rose 2"]

1. e4 e6 2. d4 d5 3. Nc3 Bb4 4. e5 c5 5. a3 Bxc3+ 6. bxc3 Ne7 7. Qg4 Qc7 8.
Qxg7 Rg8 9. Qxh7 cxd4 10. Qd3 dxc3 11. Ne2 Qxe5 12. Qxc3 Nbc6 13. Qxe5 Nxe5 14.
Ng3 Bd7 15. Bb2 N7c6 16. h4 O-O-O 17. h5 f6 18. Be2 Rdf8 19. O-O-O Be8 20. Rdg1
Ng4 21. Bxg4 Rxg4 22. Ne2 e5 23. f3 Rg7 24. g4 Rh7 25. Ng3 Bd7 26. Kd1 Be6 27.
Rh4 a5 28. Ne2 Re8 29. f4 Bf7 30. h6 Kd7 31. g5 fxg5 32. fxg5 Rg8 33. Rh2 Rg6
34. Rf1 Ke8 35. Bc1 Ne7 36. Rhf2 Rc6 37. Rf6 Rc7 38. Ng3 Bg6 39. Rxg6 Nxg6 40.
Rf6 Nf4 41. Bxf4 exf4 42. Nf5 Rhf7 43. Nd6+ Kf8 44. Nxf7 Rxf7 45. h7 1-0

[Event "4NCL Division 2a"]
[Site "Daventry, ENG"]
[Date "2020.02.29"]
[Round "1.47"]
[White "Ho, Conrad"]
[Black "Moore, Geoffrey R"]
[Result "1-0"]
[WhiteElo "2046"]
[BlackElo "2012"]
[PlyCount "101"]
[EventDate "2020.02.29"]
[WhiteTeam "Chessable White Rose 2"]
[BlackTeam "Anglian Avengers"]

1. d4 g6 2. c4 Bg7 3. g3 d6 4. Nf3 e5 5. Nc3 Nc6 6. d5 Nce7 7. Bg2 h6 8. e4 f5
9. O-O Nf6 10. Ne1 O-O 11. Nd3 Nxe4 12. Nxe4 fxe4 13. Bxe4 Bh3 14. Re1 Qd7 15.
Rb1 c5 16. dxc6 bxc6 17. b4 Be6 18. Bb2 Rad8 19. Qc2 Bf5 20. c5 Bxe4 21. Rxe4
Qf5 22. Rbe1 d5 23. Rxe5 Bxe5 24. Rxe5 Qf7 25. Nf4 d4 26. Ne6 Nf5 27. Nxf8 Kxf8
28. Qd2 Kg8 29. a4 Qb3 30. b5 Qxa4 31. Re6 Kf7 32. Rxc6 Qxb5 33. Rc7+ Ke6 34.
Qe1+ Kd5 35. Qd2 Re8 36. Bc1 Re2 37. Qd1 d3 38. Rxa7 Qc4 39. Rd7+ Kc6 40. Rxd3
Re1+ 41. Qxe1 Qxd3 42. Be3 h5 43. Qf1 Qa3 44. Qg2+ Kb5 45. Qb7+ Kc4 46. Qe4+
Kb5 47. Kg2 Qc3 48. h3 Qf6 49. Qe8+ Kc4 50. Qa4+ Kd5 51. Qb3+ 1-0

[Event "4NCL Division 2a"]
[Site "Daventry, ENG"]
[Date "2020.02.29"]
[Round "1.48"]
[White "Kunev, Petko"]
[Black "Busuioc, Alexandra"]
[Result "0-1"]
[WhiteElo "1510"]
[BlackElo "1921"]
[PlyCount "46"]
[EventDate "2020.02.29"]
[WhiteTeam "Anglian Avengers"]
[BlackTeam "Chessable White Rose 2"]

1. e4 c5 2. Nc3 Nc6 3. Bb5 e6 4. Bxc6 bxc6 5. Nf3 d5 6. e5 Ne7 7. d3 Nf5 8. g4
Nd4 9. Na4 Bb7 10. Be3 Qa5+ 11. Nc3 Nxf3+ 12. Qxf3 d4 13. Bd2 dxc3 14. Bxc3 Qc7
15. O-O Be7 16. b3 O-O 17. Rad1 f5 18. exf6 Bxf6 19. Bxf6 Rxf6 20. Qe3 c4 21.
dxc4 c5 22. g5 Qc6 23. Qh3 Qh1# 0-1

[Event "4NCL Division 2a"]
[Site "Daventry, ENG"]
[Date "2020.03.01"]
[Round "2.11"]
[White "Moreby, James"]
[Black "Rudd, Jack"]
[Result "0-1"]
[WhiteElo "2365"]
[BlackElo "2323"]
[PlyCount "62"]
[EventDate "2020.03.01"]
[WhiteTeam "North East England"]
[BlackTeam "West is Best 1"]

1. e4 c6 2. d4 d5 3. f3 dxe4 4. fxe4 e5 5. Nf3 exd4 6. Bc4 Nf6 7. O-O Bc5 8.
Ng5 Bg4 9. Qd3 Be2 10. Bxf7+ Ke7 11. Qg3 d3+ 12. Kh1 Nbd7 13. Rf5 Qb6 14. Nd2
h6 15. Bc4 hxg5 16. Qxg5 Rae8 17. Nb3 Qb4 18. Bf4 Qxc4 19. Nxc5 Nxc5 20. Rxc5
Qf7 21. Qe5+ Qe6 22. Qc7+ Qd7 23. Rg5 Kf7 24. Qxd7+ Nxd7 25. cxd3 Nf6 26. Be3
Bxd3 27. e5 Nd5 28. Bc5 Rh4 29. Rd1 Be4 30. Bd6 g6 31. Kg1 Ke6 0-1

[Event "4NCL Division 2a"]
[Site "Daventry, ENG"]
[Date "2020.03.01"]
[Round "2.12"]
[White "Kozusek, Daniel"]
[Black "Taylor, Adam A"]
[Result "1/2-1/2"]
[WhiteElo "2317"]
[BlackElo "2282"]
[PlyCount "73"]
[EventDate "2020.03.01"]
[WhiteTeam "West is Best 1"]
[BlackTeam "North East England"]

1. d4 Nf6 2. Nf3 c5 3. d5 e6 4. Nc3 exd5 5. Nxd5 Nxd5 6. Qxd5 Nc6 7. e4 Be7 8.
Bc4 O-O 9. c3 d6 10. Qd3 Ne5 11. Nxe5 dxe5 12. Qg3 Bf6 13. Be3 Qe7 14. O-O-O
Rb8 15. f4 b5 16. Bd5 c4 17. Qf2 Bg4 18. Bc5 Qc7 19. Bd6 Qa5 20. fxe5 Bg5+ 21.
Kb1 Bxd1 22. Rxd1 Rbd8 23. Bxf8 Rxf8 24. e6 Qc7 25. exf7+ Kh8 26. g3 a5 27. Qf5
Bf6 28. Qe6 b4 29. Rf1 Be7 30. Qc6 Qb8 31. Qxc4 Rc8 32. Qb3 a4 33. Qxa4 bxc3
34. Bb3 cxb2 35. Qd4 Ba3 36. Bc2 Qb5 37. Rd1 1/2-1/2

[Event "4NCL Division 2a"]
[Site "Daventry, ENG"]
[Date "2020.03.01"]
[Round "2.13"]
[White "Coathup, Roger H"]
[Black "Blackburn, Jonathan L B"]
[Result "1/2-1/2"]
[WhiteElo "2237"]
[BlackElo "2250"]
[PlyCount "93"]
[EventDate "2020.03.01"]
[WhiteTeam "North East England"]
[BlackTeam "West is Best 1"]

1. d4 Nf6 2. c4 g6 3. Nc3 Bg7 4. e4 O-O 5. Bg5 c5 6. d5 a6 7. a4 Qa5 8. Bd2 e6
9. Nf3 exd5 10. exd5 d6 11. Be2 Bg4 12. O-O Qc7 13. h3 Bxf3 14. Bxf3 Nbd7 15.
Qc2 Ne8 16. Rae1 Be5 17. Bd1 Ng7 18. f4 Bd4+ 19. Kh2 f5 20. Bf3 Bf6 21. b3 Rab8
22. Re2 Rfe8 23. Rxe8+ Rxe8 24. Re1 Qd8 25. Qd3 Rxe1 26. Bxe1 g5 27. g3 gxf4
28. gxf4 Bh4 29. Bd2 Qf6 30. Qe2 Nf8 31. Nd1 Qh6 32. Nf2 Qg6 33. Nh1 Qf6 34.
Ng3 Qb2 35. Qe3 Bf6 36. Bd1 Ng6 37. Kh1 Qb1 38. Qe2 Bd4 39. Kh2 Qb2 40. Nf1 Kf8
41. Kg3 Bf6 42. Qd3 Qd4 43. Qxd4 Bxd4 44. Be1 Kf7 45. Kf3 Nh5 46. Bd2 Nh4+ 47.
Ke2 1/2-1/2

[Event "4NCL Division 2a"]
[Site "Daventry, ENG"]
[Date "2020.03.01"]
[Round "2.14"]
[White "Cooper, John G"]
[Black "Eggleston, Thomas A"]
[Result "0-1"]
[WhiteElo "2232"]
[BlackElo "2154"]
[PlyCount "58"]
[EventDate "2020.03.01"]
[WhiteTeam "West is Best 1"]
[BlackTeam "North East England"]

1. c4 e6 2. g3 d5 3. Bg2 Nf6 4. Nf3 dxc4 5. Qa4+ Nbd7 6. Qxc4 a6 7. Qc2 c5 8.
Nc3 Qc7 9. d4 b5 10. Bf4 Qa7 11. e4 cxd4 12. e5 dxc3 13. exf6 Nxf6 14. O-O Bb7
15. bxc3 Be7 16. a4 Qc5 17. Rfe1 O-O 18. Re5 Bd5 19. Ng5 h6 20. Ne4 Nxe4 21.
Bxe4 Bf6 22. Bxd5 exd5 23. Qf5 Bxe5 24. Bxe5 Qc6 25. axb5 axb5 26. Rd1 Qe6 27.
Qxe6 fxe6 28. Rb1 Ra5 29. Rb3 Ra1+ 0-1

[Event "4NCL Division 2a"]
[Site "Daventry, ENG"]
[Date "2020.03.01"]
[Round "2.15"]
[White "Dunn, Andrew"]
[Black "Mihalik, Agoston"]
[Result "1/2-1/2"]
[WhiteElo "2110"]
[BlackElo "2198"]
[PlyCount "98"]
[EventDate "2020.03.01"]
[WhiteTeam "North East England"]
[BlackTeam "West is Best 1"]

1. d4 Nf6 2. c4 e6 3. Nf3 d5 4. g3 Be7 5. Bg2 O-O 6. O-O dxc4 7. Qa4 a6 8. Qxc4
b5 9. Qc2 Bb7 10. Bf4 Nc6 11. Rd1 Nb4 12. Qc1 Rc8 13. Nc3 Nbd5 14. Nxd5 Nxd5
15. e4 Nxf4 16. Qxf4 Qd6 17. e5 Qb4 18. Qd2 Bd5 19. Qxb4 Bxb4 20. Ne1 Bxg2 21.
Kxg2 Bxe1 22. Rxe1 c5 23. dxc5 Rxc5 24. Rac1 Rfc8 25. Rxc5 Rxc5 26. Re2 Kf8 27.
f4 Ke7 28. Rd2 f6 29. exf6+ gxf6 30. Kf3 b4 31. g4 h5 32. h3 a5 33. Ke3 hxg4
34. hxg4 Rc1 35. Rg2 Kf7 36. g5 Ra1 37. b3 fxg5 38. fxg5 Kg6 39. Kd4 Re1 40.
Rc2 Kxg5 41. Rc5+ Kf4 42. Rxa5 e5+ 43. Kc4 e4 44. Ra8 Ra1 45. Kxb4 e3 46. Rf8+
Ke4 47. Re8+ Kd3 48. Rd8+ Kc2 49. Re8 Kd3 1/2-1/2

[Event "4NCL Division 2a"]
[Site "Daventry, ENG"]
[Date "2020.03.01"]
[Round "2.16"]
[White "Redmond, John P."]
[Black "Dargan, Paul A G"]
[Result "1-0"]
[WhiteElo "2194"]
[BlackElo "2117"]
[PlyCount "71"]
[EventDate "2020.03.01"]
[WhiteTeam "West is Best 1"]
[BlackTeam "North East England"]

1. Nf3 d5 2. c4 e6 3. g3 Nf6 4. Bg2 Be7 5. O-O O-O 6. d4 c5 7. cxd5 exd5 8. Nc3
Nc6 9. dxc5 Bxc5 10. Bg5 d4 11. Bxf6 Qxf6 12. Nd5 Qd6 13. Nd2 Be6 14. Nf4 Bb6
15. a3 a5 16. Rc1 Rfe8 17. Nc4 Bxc4 18. Rxc4 Bd8 19. Qa4 Rb8 20. Bxc6 bxc6 21.
Rxd4 Qe5 22. Qxc6 Bf6 23. Rd2 Rec8 24. Qa4 Rxb2 25. Nd3 Rxd2 26. Nxe5 Bxe5 27.
Qe4 Bb2 28. Qb7 Rcd8 29. Qb5 Bxa3 30. Qxa5 Bb2 31. Qb5 g6 32. Kg2 Rc8 33. h4 h5
34. g4 hxg4 35. h5 Bf6 36. Qa6 1-0

[Event "4NCL Division 2a"]
[Site "Daventry, ENG"]
[Date "2020.03.01"]
[Round "2.17"]
[White "Oswald, Graeme E"]
[Black "Midhun, P U."]
[Result "0-1"]
[WhiteElo "2128"]
[BlackElo "2161"]
[PlyCount "66"]
[EventDate "2020.03.01"]
[WhiteTeam "North East England"]
[BlackTeam "West is Best 1"]

1. g3 c5 2. Bg2 g6 3. c4 Nc6 4. Nc3 Nf6 5. h4 Bg7 6. Nh3 O-O 7. Nf4 h5 8. a3 d6
9. Rb1 Bf5 10. d3 a5 11. Bd2 e5 12. Nfd5 Nxd5 13. Bxd5 Qd7 14. Na4 Rad8 15. e4
Be6 16. Bxc6 Qxc6 17. Nc3 f5 18. Nd5 Bxd5 19. cxd5 Qc7 20. f3 b5 21. b3 a4 22.
Kf2 c4 23. bxa4 cxd3 24. Kg2 fxe4 25. fxe4 bxa4 26. Bb4 Qc4 27. Re1 Qd4 28. Qd2
Rc8 29. Rb2 Rf6 30. Ra2 Kh7 31. Qe3 Bh6 32. Qxd4 exd4 33. Bd2 Rc2 0-1

[Event "4NCL Division 2a"]
[Site "Daventry, ENG"]
[Date "2020.03.01"]
[Round "2.18"]
[White "Giles, Yasmin"]
[Black "Henderson, David"]
[Result "0-1"]
[WhiteElo "1885"]
[BlackElo "2087"]
[PlyCount "102"]
[EventDate "2020.03.01"]
[WhiteTeam "West is Best 1"]
[BlackTeam "North East England"]

1. e4 e5 2. Nf3 Nc6 3. d4 exd4 4. Nxd4 Nf6 5. Nxc6 bxc6 6. e5 Qe7 7. Qe2 Nd5 8.
c4 Nb6 9. Nc3 Qe6 10. Qe4 g6 11. Bd3 Bg7 12. f4 O-O 13. O-O Ba6 14. b3 f5 15.
Qf3 d6 16. Ba3 Rfe8 17. c5 Bxd3 18. Qxd3 Nc8 19. exd6 cxd6 20. cxd6 Nxd6 21.
Rac1 Rad8 22. Qc2 Qe3+ 23. Kh1 Bxc3 24. Qxc3 Qxc3 25. Rxc3 Nb5 26. Bb4 Nxc3 27.
Bxc3 Re2 28. h3 Rd3 29. Be5 Rxa2 30. b4 Rdd2 31. Rg1 Kf7 32. h4 Ke6 33. Rc1
Rac2 34. Ra1 Rxg2 35. Rxa7 Rgd2 36. Ra1 Kd5 37. Re1 Rh2+ 38. Kg1 Rcg2+ 39. Kf1
Rh1+ 40. Kxg2 Rxe1 41. Bf6 Re4 42. Bc3 Rxf4 43. Kg3 Rg4+ 44. Kh3 h5 45. Bd2 f4
46. Be1 f3 47. Bf2 Kc4 48. Bc5 Kd3 49. Bf2 Ke2 50. Kh2 Kxf2 51. Kh3 Rxb4 0-1

[Event "4NCL Division 2a"]
[Site "Daventry, ENG"]
[Date "2020.03.01"]
[Round "2.21"]
[White "Walker, Martin G"]
[Black "Miller, Dominic"]
[Result "1-0"]
[WhiteElo "2275"]
[BlackElo "2252"]
[PlyCount "47"]
[EventDate "2020.03.01"]
[WhiteTeam "Anglian Avengers"]
[BlackTeam "Sussex Martlets 1"]

1. e4 e6 2. d4 d5 3. Nd2 c5 4. exd5 Qxd5 5. Ngf3 cxd4 6. Bc4 Qd7 7. O-O Nc6 8.
Nb3 Nf6 9. Nbxd4 Nxd4 10. Nxd4 a6 11. Bb3 Bd6 12. Re1 Qc7 13. h3 O-O 14. Qf3
Rb8 15. Bg5 Nd7 16. Rad1 b5 17. Qc6 Ne5 18. Qxc7 Bxc7 19. c3 Nc4 20. Nc6 Rb6
21. Ne7+ Kh8 22. Nxc8 Rxc8 23. Rd7 Na5 24. Rxc7 1-0

[Event "4NCL Division 2a"]
[Site "Daventry, ENG"]
[Date "2020.03.01"]
[Round "2.22"]
[White "Graham, David B"]
[Black "Lewis, Andrew P"]
[Result "1/2-1/2"]
[WhiteElo "2260"]
[BlackElo "2245"]
[Annotator "Alan"]
[PlyCount "41"]
[EventDate "2020.03.01"]
[WhiteTeam "Sussex Martlets 1"]
[BlackTeam "Anglian Avengers"]

1. e4 c5 2. Nf3 Nc6 3. d4 cxd4 4. Nxd4 Nf6 5. Nc3 d6 6. Be2 e5 7. Nb3 Be7 8.
O-O O-O 9. f3 a5 10. Be3 a4 11. Nd2 a3 12. Nc4 axb2 13. Rb1 Nd4 14. Bxd4 exd4
15. Qxd4 Be6 16. Rxb2 d5 17. exd5 Nxd5 18. Nxd5 Bxd5 19. Rd1 Be6 20. Qxd8 Bxd8
21. Nd6 {scoresheets} 1/2-1/2

[Event "4NCL Division 2a"]
[Site "Daventry, ENG"]
[Date "2020.03.01"]
[Round "2.23"]
[White "Moore, Graham J"]
[Black "Cumming, Rhys"]
[Result "1/2-1/2"]
[WhiteElo "2254"]
[BlackElo "2285"]
[PlyCount "27"]
[EventDate "2020.03.01"]
[WhiteTeam "Anglian Avengers"]
[BlackTeam "Sussex Martlets 1"]

1. Nf3 Nf6 2. c4 g6 3. b4 Bg7 4. Bb2 O-O 5. g3 c6 6. Bg2 d5 7. cxd5 cxd5 8. O-O
Qb6 9. Qb3 Nc6 10. b5 Na5 11. Qb4 Nc6 12. Qb3 Na5 13. Qb4 Nc6 14. Qb3 1/2-1/2

[Event "4NCL Division 2a"]
[Site "Daventry, ENG"]
[Date "2020.03.01"]
[Round "2.24"]
[White "Payne, Matthew J"]
[Black "Talsma, Paul"]
[Result "1-0"]
[WhiteElo "2177"]
[BlackElo "2144"]
[PlyCount "107"]
[EventDate "2020.03.01"]
[WhiteTeam "Sussex Martlets 1"]
[BlackTeam "Anglian Avengers"]

1. e4 e5 2. Nf3 Nf6 3. Nxe5 d6 4. Nf3 Nxe4 5. Nc3 Nxc3 6. dxc3 Be7 7. Be3 O-O
8. Qd2 Nc6 9. O-O-O Ne5 10. Kb1 c6 11. c4 Be6 12. Qc3 Bf6 13. Bd4 Ng4 14. Qd2
c5 15. Bxf6 Qxf6 16. Bd3 Rad8 17. Ng5 Bf5 18. f4 Rfe8 19. Rhe1 Qg6 20. Bxf5
Qxf5 21. Qxd6 Qc8 22. Rxe8+ Rxe8 23. b3 h6 24. Nf3 Nf2 25. Re1 Rxe1+ 26. Nxe1
Qe8 27. Nf3 b6 28. Ne5 Ne4 29. Qc6 Nc3+ 30. Kb2 Qd8 31. Qf3 Nd1+ 32. Kc1 Qd4
33. Nc6 Qa1+ 34. Kd2 Nb2 35. Ne7+ Kh7 36. h4 Nd1 37. Qd3+ g6 38. h5 Nf2 39.
hxg6+ Kg7 40. Qc3+ Qxc3+ 41. Kxc3 fxg6 42. Nc8 Kf6 43. Kd2 Kf5 44. Ke3 Ng4+ 45.
Kf3 Nh2+ 46. Kg3 Nf1+ 47. Kf2 Nd2 48. Nxa7 Kg4 49. Nc8 Ne4+ 50. Kg1 Nc3 51. a4
Ne2+ 52. Kf2 Nd4 53. Nxb6 Nxc2 54. a5 1-0

[Event "4NCL Division 2a"]
[Site "Daventry, ENG"]
[Date "2020.03.01"]
[Round "2.25"]
[White "Peck, Silas"]
[Black "Grant, David J"]
[Result "0-1"]
[WhiteElo "1999"]
[BlackElo "2222"]
[PlyCount "62"]
[EventDate "2020.03.01"]
[WhiteTeam "Anglian Avengers"]
[BlackTeam "Sussex Martlets 1"]

1. e4 c5 2. Nf3 d6 3. d4 cxd4 4. Nxd4 Nf6 5. Nc3 g6 6. Be3 Bg7 7. f3 Nc6 8. Qd2
O-O 9. Bc4 Bd7 10. O-O-O Rb8 11. Nxc6 bxc6 12. Bxa7 Rb4 13. Bb3 Qa5 14. Be3
Rfb8 15. g4 Be6 16. h4 c5 17. g5 Nd7 18. Nd5 c4 19. Nxb4 Rxb4 20. Kb1 cxb3 21.
cxb3 Qb5 22. Qc2 Ne5 23. Bd2 Rd4 24. Bc3 Nxf3 25. Bxd4 Nxd4 26. Qd3 Qb6 27. Rd2
d5 28. Qe3 Bg4 29. Rc1 dxe4 30. Rxd4 e5 31. b4 Bf8 0-1

[Event "4NCL Division 2a"]
[Site "Daventry, ENG"]
[Date "2020.03.01"]
[Round "2.26"]
[White "Lunn, Matthew"]
[Black "Myall, Ivan J"]
[Result "0-1"]
[WhiteElo "2087"]
[BlackElo "2050"]
[PlyCount "46"]
[EventDate "2020.03.01"]
[WhiteTeam "Sussex Martlets 1"]
[BlackTeam "Anglian Avengers"]

1. d4 Nf6 2. Nf3 d5 3. c4 c6 4. e3 Bf5 5. Nc3 e6 6. Nh4 Bg6 7. Nxg6 hxg6 8. Bd3
Bd6 9. h3 Nbd7 10. O-O g5 11. Re1 g4 12. hxg4 Rh4 13. e4 Nxg4 14. Qf3 Bh2+ 15.
Kf1 Be5 16. Ke2 Bxd4 17. Bf4 Nde5 18. Bxe5 Nxe5 19. Qg3 Qf6 20. f3 Qh6 21. Nd1
dxc4 22. Bc2 O-O-O 23. Rf1 Bxb2 0-1

[Event "4NCL Division 2a"]
[Site "Daventry, ENG"]
[Date "2020.03.01"]
[Round "2.27"]
[White "Moore, Geoffrey R"]
[Black "Willson, Ollie"]
[Result "1/2-1/2"]
[WhiteElo "2012"]
[BlackElo "2147"]
[PlyCount "124"]
[EventDate "2020.03.01"]
[WhiteTeam "Anglian Avengers"]
[BlackTeam "Sussex Martlets 1"]

1. e4 c5 2. Be2 Nc6 3. d3 Nf6 4. f4 d6 5. Nf3 g6 6. O-O Bg7 7. Kh1 O-O 8. Qe1
Nd4 9. Nxd4 cxd4 10. Nd2 Qc7 11. Bd1 b5 12. Nf3 Qc5 13. Bd2 Bd7 14. Bb4 Qb6 15.
Ba5 Qb7 16. Qb4 Qa6 17. Nxd4 Nxe4 18. dxe4 Bxd4 19. Qxd4 Qxa5 20. c3 Qb6 21.
Qxb6 axb6 22. a3 Bc6 23. Bc2 Rad8 24. Rad1 e5 25. fxe5 dxe5 26. Kg1 Kg7 27. g3
f6 28. Kf2 Kf7 29. Ke3 Ke7 30. Rxd8 Rxd8 31. Rd1 Rxd1 32. Bxd1 Kd6 33. Bc2 Kc5
34. Bd3 Bd7 35. b4+ Kd6 36. c4 bxc4 37. Bxc4 Be8 38. Bd3 Ba4 39. Kd2 Bd7 40.
Bc4 Bc6 41. Bd3 h6 42. g4 Ke7 43. Ke3 Bd7 44. Kf3 Kf8 45. Bc2 Bc6 46. Ke3 Ke7
47. a4 Kd6 48. Bb3 Bd7 49. Kf3 Ke7 50. Bc2 Be6 51. Kg3 Bc4 52. Kf3 Ke6 53. Ke3
Kf7 54. Kf3 Be6 55. Kg3 Ke7 56. Kf3 Ke8 57. Kg3 Bd7 58. Kf3 Bc6 59. Ke3 Ke7 60.
Bb3 Be8 61. Kf3 Kd6 62. Ke3 Bd7 1/2-1/2